| 000 | 01049nas a2200313 4500 | ||
|---|---|---|---|
| 001 | BR8401527 | ||
| 003 | BR-BrBNA | ||
| 005 | 20231205085839.0 | ||
| 007 | ta | ||
| 008 | 230509b bl.|||p| |||| 00| 00por d | ||
| 040 |
_aBR-BrBNA _bpor _cBiblioteca Nacional de Agricultura |
||
| 041 | _a(Pt) | ||
| 072 | _aL73 | ||
| 100 | 1 | _aMatos, M.S. | |
| 100 | 1 | _aSouza, R.M. de | |
| 100 | 1 | _aMatos, P.F. de | |
| 100 | 1 | _aCosta, J.A. | |
| 100 | 1 | _aSantos, L.M.M. dos | |
| 111 | 1 |
_a3. Encontro de Pesquisa em Medicina Veterinaria _cSalvador, BA (Brazil) _d1981 |
|
| 245 | 1 | _aFrequencia de sarcoptiformes em caes, Salvador, Bahia [lesao cutanea, Brasil] | |
| 246 | 1 | _aFrequency of mites in dogs, Salvador, Bahia [skin lesion, Brazil] | |
| 650 | _aCAO | ||
| 650 | _aSARNA ANIMAL | ||
| 650 | _aSALVADOR | ||
| 650 | _aBAHIA | ||
| 773 | 0 |
_tArquivos da Escola de Medicina Veterinaria da Universidade Federal da Bahia (Brazil) _xISSN 0100-2597 _g(1982), v. 7(1) p. 91-96 _wBR8401527 |
|
| 909 |
_a202311 _bLúcia _c55 _dLúcia Elande |
||
| 942 |
_2AGRIS _n0 _cANA |
||
| 999 |
_c114240 _d114240 |
||